000
00313nam a22001337a 4500
999
_c
534456
_d
534456
003
NUST
038
_a
waseem
082
_a
891.42
_b
SAB
100
_a
Sabbar, Majeeda
_9
28605
245
_a
Ilm Insaniyat /
_c
Majeeda Sabbar
260
_a
Lahore :
_b
Urdu Science Board,
_c
1990.
300
_a
170 p.
942
_2
ddc
_c
BK